Music Quiz

Random Music or Billboard Quiz

#1, If It Weren't For The Commodores & Lionel Richie Quiz Stats

 Plays Quiz not verified by Sporcle

Score 0/24 Timer 10:00
0 Plays Today
Hint Answer % Correct
LR - All Night Long (All Night) (4 weeks, 1983)Say Say Say
88.9%
LR - All Night Long (All Night) (4 weeks, 1983)Say Say Say
88.9%
LR - All Night Long (All Night) (4 weeks, 1983)Say Say Say
88.9%
LR - All Night Long (All Night) (4 weeks, 1983)Islands In The Stream
84.4%
LR - Say You, Say Me (4 weeks, 1985-86)Party All The Time
78.9%
LR - Say You, Say Me (4 weeks, 1985-86)Party All The Time
78.9%
LR - Say You, Say Me (4 weeks, 1985-86)Party All The Time
78.9%
LR - Truly (2 weeks, 1982)Gloria
77.8%
LR - Truly (2 weeks, 1982)Gloria
77.8%
C - Three Times A Lady (2 weeks, 1978)Grease
74.4%
C - Three Times A Lady (2 weeks, 1978)Grease
74.4%
LR - Hello (2 weeks, 1984)Let's Hear It For The Boy
74.4%
Hint Answer % Correct
LR - Say You, Say Me (4 weeks, 1985-86)Broken Wings
71.1%
LR - Endless Love (9 weeks, 1981)Theme From Greatest American Hero (Believe It Or Not)
65.6%
LR - Endless Love (9 weeks, 1981)Theme From Greatest American Hero (Believe It Or Not)
65.6%
LR - Endless Love (9 weeks, 1981)Arthur's Theme (Best That You Can Do)
64.4%
LR - Endless Love (9 weeks, 1981)Arthur's Theme (Best That You Can Do)
64.4%
LR - Endless Love (9 weeks, 1981)Queen Of Hearts
61.1%
LR - Endless Love (9 weeks, 1981)Queen Of Hearts
61.1%
LR - Hello (2 weeks, 1984)Against All Odds (Take A Look At Me Now)
55.6%
LR - Endless Love (9 weeks, 1981)Slow Hand
51.1%
LR - Endless Love (9 weeks, 1981)Slow Hand
51.1%
LR - Endless Love (9 weeks, 1981)Slow Hand
51.1%
C - Still (1 week, 1979)Dim All The Lights
33.3%

You're not logged in!

Compare scores with friends on all Sporcle quizzes.
OR
Log In

Sporcle TV

Today on Sporcle TV


Watch our educational content, quiz creation guides, and fun videos on Sporcle TV.

Show Comments

Extras

Top Quizzes Today


Score Distribution

Your Account Isn't Verified!

In order to create a playlist on Sporcle, you need to verify the email address you used during registration. Go to your Sporcle Settings to finish the process.

Report this User

Report this user for behavior that violates our Community Guidelines.

Details: